[Event "Chess24 Banter QualH 2020"]
[Site "chess24.com INT"]
[Date "2020.09.17"]
[Round "1.1"]
[White "Ganguly, Surya Shekhar"]
[Black "Yilmaz, Mustafa"]
[Result "0-1"]
[WhiteTitle "GM"]
[BlackTitle "GM"]
[WhiteElo "2635"]
[BlackElo "2630"]
[WhiteFideId "5002150"]
[BlackFideId "6302718"]
[EventDate "2020.09.17"]

1. e4 e5 2. Nf3 Nc6 3. Bc4 Bc5 4. c3 Nf6 5. d3 d6 6. O-O a6 7. a4 Ba7 8. Re1 h6
9. Be3 Bxe3 10. Rxe3 O-O 11. Re1 a5 12. Nbd2 Re8 13. Qb3 Qe7 14. Nf1 Rb8 15. Ne3
Be6 16. h3 Bxc4 17. Nxc4 b6 18. Ne3 Qe6 19. Nd5 Ne7 20. c4 Rbc8 21. d4 Ng6 22.
dxe5 dxe5 23. Rad1 Nd7 24. Qc3 Nc5 25. b3 Na6 26. Kh2 Rcd8 27. g3 Rd7 28. Ne3
Red8 29. Rxd7 Rxd7 30. h4 Nc5 31. Nd5 c6 32. Nxb6 Rd3 33. Qxa5 Rxf3 34. Qxc5
Nxh4 35. a5 Rxb3 36. Re3 Nf3+ 37. Kg2 Nd4 38. Rxb3 Nxb3 39. Qb4 Nd4 40. a6 Qg4
41. a7 Qf3+ 42. Kg1 Ne2+ 43. Kf1 Nxg3+ 44. Kg1 Qh1# 0-1

[Event "Chess24 Banter QualH 2020"]
[Site "chess24.com INT"]
[Date "2020.09.17"]
[Round "1.2"]
[White "Yilmaz, Mustafa"]
[Black "Ganguly, Surya Shekhar"]
[Result "1-0"]
[WhiteTitle "GM"]
[BlackTitle "GM"]
[WhiteElo "2630"]
[BlackElo "2635"]
[WhiteFideId "6302718"]
[BlackFideId "5002150"]
[EventDate "2020.09.17"]

1. d4 Nf6 2. c4 e6 3. Nf3 d5 4. Nc3 c5 5. cxd5 Nxd5 6. e4 Nxc3 7. bxc3 cxd4 8.
cxd4 Bb4+ 9. Bd2 Bxd2+ 10. Qxd2 O-O 11. Bc4 Nd7 12. O-O b6 13. Rfe1 Bb7 14. a4
Rc8 15. Bd3 a5 16. Qb2 Qe7 17. h3 h6 18. Bb5 Nf6 19. Bd3 Nd7 20. Rab1 Rfd8 21.
Re3 Rc7 22. Bb5 Nf6 23. Bd3 Nd7 24. d5 exd5 25. e5 Nc5 26. Bc2 d4 27. Nxd4 Qg5
28. Rg3 Qxe5 29. Nf5 Qxb2 30. Rxb2 Ne6 31. Bb3 Kf8 32. Kh2 Bd5 33. Rd2 Rcd7 34.
Rb2 Bxb3 35. Rbxb3 Nd4 36. Nxd4 Rxd4 37. Rxb6 Rxa4 38. Rf3 Rd7 39. Ra6 g6 40.
Rxg6 h5 41. Ra6 h4 42. Rf5 Rd2 43. Ra7 Ra1 44. Rfxf7+ Kg8 45. Rg7+ Kf8 46. Raf7+
Ke8 47. Ra7 Kf8 48. Rgf7+ Kg8 49. Rf4 Raa2 50. Rg4+ Kf8 51. Rxh4 Kg8 52. Rg4+
Kf8 53. f3 Re2 54. h4 Re7 55. Rg8+ Kxg8 56. Rxe7 a4 57. Ra7 a3 58. h5 Ra1 59. g4
a2 60. Kg2 Kh8 61. g5 Kg8 62. g6 Rb1 63. Rxa2 Rb5 64. Ra8+ Kg7 65. Ra7+ Kg8 66.
Rh7 1-0

[Event "Chess24 Banter QualH 2020"]
[Site "chess24.com INT"]
[Date "2020.09.17"]
[Round "1.3"]
[White "Ganguly, Surya Shekhar"]
[Black "Yilmaz, Mustafa"]
[Result "1-0"]
[WhiteTitle "GM"]
[BlackTitle "GM"]
[WhiteElo "2635"]
[BlackElo "2630"]
[WhiteFideId "5002150"]
[BlackFideId "6302718"]
[EventDate "2020.09.17"]

1. e4 e5 2. Nf3 Nc6 3. Bc4 Bc5 4. c3 Nf6 5. d3 d6 6. O-O a6 7. a4 h6 8. Re1 O-O
9. b4 Ba7 10. Nbd2 Re8 11. h3 Be6 12. Bxe6 Rxe6 13. Qc2 Qd7 14. Nc4 Ree8 15. b5
axb5 16. axb5 Ne7 17. Rb1 Nc8 18. d4 exd4 19. cxd4 d5 20. Nce5 Qd8 21. exd5 Nb6
22. g4 Nbxd5 23. g5 hxg5 24. Nxg5 Qc8 25. Ngxf7 Rxe5 26. Nxe5 Bxd4 27. Rb3 Ra1
28. Rg3 Qe8 29. Nf3 Qf7 30. Nxd4 Nh5 31. Rf3 Nhf4 32. Kh2 Qf6 33. Qe4 1-0

[Event "Chess24 Banter QualH 2020"]
[Site "chess24.com INT"]
[Date "2020.09.17"]
[Round "1.4"]
[White "Yilmaz, Mustafa"]
[Black "Ganguly, Surya Shekhar"]
[Result "1-0"]
[WhiteTitle "GM"]
[BlackTitle "GM"]
[WhiteElo "2630"]
[BlackElo "2635"]
[WhiteFideId "6302718"]
[BlackFideId "5002150"]
[EventDate "2020.09.17"]

1. d4 Nf6 2. c4 e6 3. Nf3 d5 4. Nc3 Bb4 5. Bg5 h6 6. Bxf6 Qxf6 7. e3 O-O 8. Rc1
Rd8 9. Qb3 Ba5 10. Be2 c6 11. O-O Nd7 12. Rfd1 Qe7 13. Qa4 Bc7 14. Qc2 dxc4 15.
Bxc4 e5 16. d5 Nb6 17. Bb3 Bg4 18. Qe4 Bxf3 19. Qxf3 cxd5 20. Nxd5 Nxd5 21. Bxd5
Bb6 22. Bxb7 Rxd1+ 23. Rxd1 Rd8 24. Rxd8+ Qxd8 25. Bd5 Qc7 26. h4 Qd7 27. g3 Bd8
28. Kg2 h5 29. Qe4 Bf6 30. b4 Qg4 31. Qc2 Qxb4 32. Qc8+ Qf8 33. Qf5 Qd6 34. e4
Qc7 35. Qxh5 a5 36. g4 Bd8 37. g5 Kf8 38. Qh8+ Ke7 39. Qxg7 Kd6 40. Qxf7 1-0

[Event "Chess24 Banter QualH 2020"]
[Site "chess24.com INT"]
[Date "2020.09.17"]
[Round "1.5"]
[White "Ganguly, Surya Shekhar"]
[Black "Yilmaz, Mustafa"]
[Result "1-0"]
[WhiteTitle "GM"]
[BlackTitle "GM"]
[WhiteElo "2635"]
[BlackElo "2630"]
[WhiteFideId "5002150"]
[BlackFideId "6302718"]
[EventDate "2020.09.17"]

1. Nf3 d5 2. e3 Nf6 3. c4 e6 4. b3 Be7 5. Bb2 O-O 6. Nc3 c5 7. cxd5 exd5 8. d4
Nc6 9. Be2 Bg4 10. dxc5 Bxc5 11. O-O a6 12. Rc1 Qd6 13. h3 Bh5 14. Na4 Ba7 15.
Bxf6 Qxf6 16. Qxd5 Bg6 17. Rfd1 Rfd8 18. Qg5 Qxg5 19. Nxg5 h6 20. Nf3 Nb4 21.
Rxd8+ Rxd8 22. Rc7 Bb8 23. Rxb7 Nxa2 24. Nd4 Be5 25. Nc6 Rd2 26. Nxe5 Rxe2 27.
Nxg6 fxg6 28. Nc5 Nc3 29. Ne6 Ne4 30. Rxg7+ Kh8 31. Rxg6 Re1+ 32. Kh2 Nxf2 33.
Rxh6+ Kg8 34. Nd4 Rxe3 35. Rxa6 Rd3 36. Rd6 Ne4 37. Rd8+ Kf7 38. b4 Rd2 39. b5
Rb2 40. Rd5 Kf6 41. Rf5+ Kg6 42. Re5 Ng5 43. h4 Nh7 44. Kh3 Nf6 45. Rg5+ Kf7 46.
Nf3 Ne4 47. Rf5+ Kg6 48. Re5 Nf2+ 49. Kg3 Nh1+ 50. Kf4 Rxg2 51. Rg5+ Rxg5 52.
hxg5 Nf2 53. b6 Nd3+ 54. Ke4 Nb4 55. b7 Na6 56. Kd5 Nb8 57. Kd6 Kf5 58. Kc7 Na6+
59. Kc8 Kg6 60. b8=Q 1-0

[Event "Chess24 Banter QualH 2020"]
[Site "chess24.com INT"]
[Date "2020.09.17"]
[Round "1.6"]
[White "Yilmaz, Mustafa"]
[Black "Ganguly, Surya Shekhar"]
[Result "0-1"]
[WhiteTitle "GM"]
[BlackTitle "GM"]
[WhiteElo "2630"]
[BlackElo "2635"]
[WhiteFideId "6302718"]
[BlackFideId "5002150"]
[EventDate "2020.09.17"]

1. d4 Nf6 2. c4 e6 3. Nf3 d5 4. Nc3 c5 5. cxd5 Nxd5 6. e4 Nxc3 7. bxc3 cxd4 8.
cxd4 Bb4+ 9. Bd2 Bxd2+ 10. Qxd2 O-O 11. Rc1 Nc6 12. Be2 Qb6 13. O-O Rd8 14. Rc4
Bd7 15. d5 exd5 16. exd5 Be6 17. Bd3 Bxd5 18. Bxh7+ Kxh7 19. Rh4+ Kg8 20. Qc2
Bxf3 21. Qh7+ Kf8 22. Qh8+ Ke7 23. Qxg7 Bd5 24. Re1+ Be6 25. Rh6 Nd4 26. h3 Nf3+
27. Kh1 Nxe1 28. Qf6+ Kd7 29. Rh4 Nc2 0-1

[Event "Chess24 Banter QualH 2020"]
[Site "chess24.com INT"]
[Date "2020.09.17"]
[Round "1.7"]
[White "Ganguly, Surya Shekhar"]
[Black "Yilmaz, Mustafa"]
[Result "0-1"]
[WhiteTitle "GM"]
[BlackTitle "GM"]
[WhiteElo "2635"]
[BlackElo "2630"]
[WhiteFideId "5002150"]
[BlackFideId "6302718"]
[EventDate "2020.09.17"]

1. e4 c5 2. Nf3 d6 3. d4 cxd4 4. Nxd4 Nf6 5. Nc3 a6 6. Be3 e5 7. Nf3 Be7 8. h3
Be6 9. g4 d5 10. Nxe5 Bb4 11. Bg2 O-O 12. exd5 Nxd5 13. Bd2 Qc7 14. Nd3 Nxc3 15.
bxc3 Bxc3 16. Rb1 Bxd2+ 17. Qxd2 Nc6 18. O-O Bxa2 19. Rb2 Bc4 20. Rfb1 b5 21.
Nc5 Rad8 22. Qe3 Rfe8 23. Nxa6 Qa5 24. Qc5 Nd4 25. Nc7 Re1+ 26. Kh2 Qd2 27. c3
Qf4# 0-1

[Event "Chess24 Banter QualH 2020"]
[Site "chess24.com INT"]
[Date "2020.09.17"]
[Round "1.8"]
[White "Yilmaz, Mustafa"]
[Black "Ganguly, Surya Shekhar"]
[Result "1-0"]
[WhiteTitle "GM"]
[BlackTitle "GM"]
[WhiteElo "2630"]
[BlackElo "2635"]
[WhiteFideId "6302718"]
[BlackFideId "5002150"]
[EventDate "2020.09.17"]

1. d4 Nf6 2. c4 g6 3. Nc3 Bg7 4. e4 d6 5. Be2 O-O 6. Nf3 Na6 7. O-O e5 8. Be3
Qe7 9. Bg5 c6 10. c5 Rd8 11. cxd6 Rxd6 12. Bxa6 bxa6 13. Qa4 exd4 14. e5 dxc3
15. exd6 Qxd6 16. Rad1 Nd5 17. bxc3 Bxc3 18. Nd4 Bd7 19. Qxa6 Re8 20. Nb5 Qe5
21. Nxc3 Qxg5 22. Nxd5 cxd5 23. Rfe1 Kg7 24. Rxe8 Bxe8 25. Qxa7 Bc6 26. Qd4+ Kg8
27. h4 Qe7 28. Rc1 Qb7 29. h5 gxh5 30. Rc3 Qb1+ 31. Kh2 1-0

[Event "Chess24 Banter QualH 2020"]
[Site "chess24.com INT"]
[Date "2020.09.17"]
[Round "1.1"]
[White "Lagarde, Maxime"]
[Black "Christiansen, Johan-Sebastian"]
[Result "1-0"]
[WhiteTitle "GM"]
[BlackTitle "GM"]
[WhiteElo "2657"]
[BlackElo "2617"]
[WhiteFideId "662399"]
[BlackFideId "1512668"]
[EventDate "2020.09.17"]

1. g3 e5 2. Bg2 Nc6 3. d3 Bc5 4. Nf3 d6 5. O-O a6 6. c3 Ba7 7. b4 Nge7 8. Nbd2
Bg4 9. Bb2 Qd7 10. a4 Bh3 11. b5 Nd8 12. c4 Bxg2 13. Kxg2 h5 14. h4 Ne6 15. e3
Nf5 16. Qe2 Qe7 17. Ne4 f6 18. d4 Rg8 19. c5 d5 20. Nc3 e4 21. Nxd5 Qd7 22. Nc3
exf3+ 23. Qxf3 g5 24. c6 bxc6 25. bxc6 Nxh4+ 26. gxh4 gxh4+ 27. Kh1 Qg7 28. Rg1
Ng5 29. Qxh5+ Kd8 30. f4 Rb8 31. fxg5 Rxb2 32. gxf6 Qf8 33. Qd5+ 1-0

[Event "Chess24 Banter QualH 2020"]
[Site "chess24.com INT"]
[Date "2020.09.17"]
[Round "1.2"]
[White "Christiansen, Johan-Sebastian"]
[Black "Lagarde, Maxime"]
[Result "1-0"]
[WhiteTitle "GM"]
[BlackTitle "GM"]
[WhiteElo "2617"]
[BlackElo "2657"]
[WhiteFideId "1512668"]
[BlackFideId "662399"]
[EventDate "2020.09.17"]

1. e4 g6 2. d4 Bg7 3. Nc3 d6 4. Be3 a6 5. g4 b5 6. Bg2 Bb7 7. h4 Nd7 8. h5 c5 9.
h6 Bxd4 10. Bxd4 cxd4 11. Qxd4 e5 12. Qxd6 Qe7 13. O-O-O Qxd6 14. Rxd6 Ke7 15.
Rd2 Ngf6 16. g5 Ne8 17. Nge2 Nc7 18. Rhd1 Rhd8 19. Nd5+ Nxd5 20. exd5 Kd6 21.
Ng3 f5 22. gxf6 Nxf6 23. Re1 Rac8 24. f4 Re8 25. fxe5+ Rxe5 26. Rxe5 Kxe5 27.
Re2+ Kf4 28. Ne4 Nxe4 29. Rxe4+ Kg3 30. Re7 Kxg2 31. Rxb7 Rd8 32. Rxh7 1-0

[Event "Chess24 Banter QualH 2020"]
[Site "chess24.com INT"]
[Date "2020.09.17"]
[Round "1.3"]
[White "Lagarde, Maxime"]
[Black "Christiansen, Johan-Sebastian"]
[Result "1-0"]
[WhiteTitle "GM"]
[BlackTitle "GM"]
[WhiteElo "2657"]
[BlackElo "2617"]
[WhiteFideId "662399"]
[BlackFideId "1512668"]
[EventDate "2020.09.17"]

1. g3 c5 2. Bg2 Nc6 3. d3 g6 4. f4 Bg7 5. Nf3 d5 6. O-O Nf6 7. Nc3 d4 8. Na4 Nd7
9. c4 O-O 10. a3 Rb8 11. Bd2 a6 12. b4 cxb4 13. axb4 b5 14. Nb2 Nb6 15. Qb3 Bb7
16. Rfc1 Qd7 17. Ng5 bxc4 18. Nxc4 Nxc4 19. Qxc4 Nd8 20. Qc7 Qxc7 21. Rxc7 Bxg2
22. Kxg2 Bf6 23. Ne4 Rb6 24. Ra7 Nc6 25. R7xa6 Rfb8 26. Rxb6 Rxb6 27. Nxf6+ exf6
28. Rb1 Rb5 29. Kf3 f5 30. e4 dxe3 31. Kxe3 Kf8 32. d4 Ke7 33. Kd3 Kd6 34. Kc4
Rb8 35. b5 Nd8 36. Bb4+ Kd7 37. Bc5 Ra8 38. Re1 Ne6 39. d5 Nxc5 40. Kxc5 Ra2 41.
Rb1 Rc2+ 42. Kd4 Kc7 43. b6+ Kb7 44. Ke5 Rxh2 45. Rd1 Rb2 46. Kf6 Rxb6+ 47. Kxf7
Kc7 48. Ke7 Rb8 49. d6+ Kc6 50. d7 Rb7 51. Ke8 1-0

[Event "Chess24 Banter QualH 2020"]
[Site "chess24.com INT"]
[Date "2020.09.17"]
[Round "1.4"]
[White "Christiansen, Johan-Sebastian"]
[Black "Lagarde, Maxime"]
[Result "0-1"]
[WhiteTitle "GM"]
[BlackTitle "GM"]
[WhiteElo "2617"]
[BlackElo "2657"]
[WhiteFideId "1512668"]
[BlackFideId "662399"]
[EventDate "2020.09.17"]

1. Nf3 g6 2. c4 Bg7 3. g3 Nf6 4. Bg2 O-O 5. d4 d6 6. O-O Nc6 7. Nc3 Rb8 8. d5
Na5 9. b3 c5 10. dxc6 bxc6 11. Bd2 c5 12. Qc1 Nc6 13. Bh6 Qa5 14. Bxg7 Kxg7 15.
Rd1 h6 16. Nd5 Ne8 17. h4 e5 18. h5 Bg4 19. hxg6 fxg6 20. Ne3 Bxf3 21. Bxf3 Nd4
22. Ng4 g5 23. Kg2 Nf6 24. Ne3 e4 25. Bg4 Nxg4 26. Nxg4 Qc7 27. Rh1 Qd7 28. Nxh6
Kg6 29. Qe3 Rbe8 30. g4 Rf3 31. Qd2 Rxf2+ 32. Kxf2 e3+ 33. Qxe3 Rxe3 34. Kxe3
Qe6+ 35. Kf2 Qxe2+ 36. Kg3 Qf3+ 37. Kh2 Qf2+ 38. Kh3 Ne2 0-1

[Event "Chess24 Banter QualH 2020"]
[Site "chess24.com INT"]
[Date "2020.09.17"]
[Round "1.5"]
[White "Lagarde, Maxime"]
[Black "Christiansen, Johan-Sebastian"]
[Result "1/2-1/2"]
[WhiteTitle "GM"]
[BlackTitle "GM"]
[WhiteElo "2657"]
[BlackElo "2617"]
[WhiteFideId "662399"]
[BlackFideId "1512668"]
[EventDate "2020.09.17"]

1. g3 e5 2. Bg2 Nc6 3. d3 Bc5 4. Nf3 d6 5. O-O a6 6. c3 Ba7 7. b4 Nge7 8. Nbd2
Bg4 9. Bb2 Qd7 10. a4 Bh3 11. b5 Nd8 12. c4 Bxg2 13. Kxg2 h5 14. h4 Ne6 15. e3
Nf5 16. Qe2 f6 17. d4 Qe7 18. Qd3 g6 19. c5 O-O 20. Qb3 Kh7 21. b6 Bb8 22. bxc7
Bxc7 23. cxd6 Bxd6 24. dxe5 Bxe5 25. Bxe5 Nc5 26. Qc3 fxe5 27. Qxe5 Rad8 28.
Qxe7+ Nxe7 29. Rfc1 Ne6 30. Ne4 Rd7 31. Neg5+ Nxg5 32. Nxg5+ Kh6 33. Ra2 Nd5 34.
a5 Nb4 35. Re2 Nc6 36. Rc5 Rf5 37. Rec2 Rdd5 38. Rxc6 bxc6 39. Rxc6 Rxa5 40. Rc7
Rxg5 41. hxg5+ Kxg5 42. Rc6 Ra2 43. Kf3 a5 44. e4 Ra3+ 45. Kg2 Ra2 46. Rc5+ Kf6
47. Kf3 a4 48. Ra5 a3 49. Ke3 g5 50. Ra6+ Ke7 51. Kf3 Ra1 52. Kg2 h4 53. gxh4
gxh4 54. f4 a2 55. e5 h3+ 56. Kh2 Rf1 57. Rxa2 Rxf4 58. Kxh3 1/2-1/2

[Event "Chess24 Banter QualH 2020"]
[Site "chess24.com INT"]
[Date "2020.09.17"]
[Round "1.6"]
[White "Christiansen, Johan-Sebastian"]
[Black "Lagarde, Maxime"]
[Result "0-1"]
[WhiteTitle "GM"]
[BlackTitle "GM"]
[WhiteElo "2617"]
[BlackElo "2657"]
[WhiteFideId "1512668"]
[BlackFideId "662399"]
[EventDate "2020.09.17"]

1. Nf3 f5 2. d3 Nc6 3. e4 e5 4. d4 fxe4 5. Nxe5 Qf6 6. Be3 d6 7. Nc4 d5 8. Ncd2
Bf5 9. c4 Nge7 10. Nc3 O-O-O 11. Qa4 Kb8 12. c5 Bd7 13. O-O-O Be8 14. Nb3 Nf5
15. Be2 Ncxd4 16. Qb4 Nxb3+ 17. axb3 Bc6 18. g4 Nxe3 19. fxe3 Qe7 20. Rhf1 Qxc5
21. Qxe4 Qxc3+ 22. bxc3 Ba3+ 23. Kc2 dxe4 24. Rd4 Bc5 25. Rc4 Bxe3 26. Kb1 Bb5
27. Rxe4 Bxe2 28. Rxe3 Bxf1 29. Re8 Rhxe8 0-1

[Event "Chess24 Banter QualH 2020"]
[Site "chess24.com INT"]
[Date "2020.09.17"]
[Round "1.1"]
[White "Howell, David W L"]
[Black "Shevchenko, Kirill"]
[Result "0-1"]
[WhiteTitle "GM"]
[BlackTitle "GM"]
[WhiteElo "2663"]
[BlackElo "2592"]
[WhiteFideId "410608"]
[BlackFideId "14129574"]
[EventDate "2020.09.17"]

1. Nf3 Nf6 2. g3 g6 3. Bg2 Bg7 4. O-O O-O 5. d4 d6 6. c4 Nc6 7. Nc3 Bf5 8. b3 a5
9. a3 e5 10. d5 Nd4 11. Nxd4 exd4 12. Nb5 Ne4 13. Bxe4 Bxe4 14. Nxd4 c5 15. dxc6
bxc6 16. Ra2 Qb6 17. Be3 c5 18. Nb5 d5 19. f3 d4 20. fxe4 dxe3 21. Qd3 a4 22.
Kg2 Rfe8 23. Rf3 axb3 24. Qxb3 Rxe4 25. Rxe3 Rae8 26. Rxe4 Rxe4 27. Qf3 Qe6 28.
a4 Rxc4 29. Nc7 Qe5 30. Nd5 Rd4 31. Nf4 c4 32. a5 Rd7 33. a6 Ra7 34. Qc6 c3 35.
Nd3 Qd4 36. Qc5 Qe4+ 37. Kh3 Qe6+ 38. g4 Rxa6 39. Rxa6 Qxa6 40. Kg2 Qe6 41. Kf3
h6 42. h3 Qf6+ 43. Kg2 Kh7 44. Kg3 Qe6 45. Kf3 Qa2 46. Qc6 Qa1 47. Kg2 Qd1 48.
Kf2 Bd4+ 49. Kg3 Qxe2 50. Qc4 Qe3+ 51. Kg2 Kg7 0-1

[Event "Chess24 Banter QualH 2020"]
[Site "chess24.com INT"]
[Date "2020.09.17"]
[Round "1.2"]
[White "Shevchenko, Kirill"]
[Black "Howell, David W L"]
[Result "0-1"]
[WhiteTitle "GM"]
[BlackTitle "GM"]
[WhiteElo "2592"]
[BlackElo "2663"]
[WhiteFideId "14129574"]
[BlackFideId "410608"]
[EventDate "2020.09.17"]

1. e4 c6 2. d4 d5 3. e5 Bf5 4. h4 h5 5. c4 e6 6. Nc3 Ne7 7. Nge2 Bg4 8. f3 Bf5
9. Ng3 Bg6 10. Bg5 Qb6 11. Qd2 Nd7 12. Be2 f6 13. exf6 gxf6 14. Bf4 dxc4 15.
Bxc4 Nd5 16. Nge2 Rg8 17. O-O Be7 18. Ne4 Ne5 19. Bxd5 cxd5 20. Nc5 Nc4 21. Qc3
e5 22. Be3 Nxe3 23. Qxe3 exd4 24. Qe6 Qxe6 25. Nxe6 d3 26. N2f4 Kf7 27. Nxg6
Rxg6 28. Nf4 Rgg8 29. Nxd3 Rac8 30. Rac1 Bd6 31. Rfd1 Bg3 32. Nb4 d4 33. Nc2 Bf4 0-1

[Event "Chess24 Banter QualH 2020"]
[Site "chess24.com INT"]
[Date "2020.09.17"]
[Round "1.3"]
[White "Howell, David W L"]
[Black "Shevchenko, Kirill"]
[Result "1-0"]
[WhiteTitle "GM"]
[BlackTitle "GM"]
[WhiteElo "2663"]
[BlackElo "2592"]
[WhiteFideId "410608"]
[BlackFideId "14129574"]
[EventDate "2020.09.17"]

1. e4 e5 2. Nf3 d6 3. d4 exd4 4. Nxd4 Nf6 5. Nc3 g6 6. g3 Bg7 7. Bg2 O-O 8. O-O
Re8 9. h3 Bd7 10. Re1 Nc6 11. Be3 Nxd4 12. Bxd4 c5 13. Be3 Bc6 14. Qd3 Re6 15.
Rad1 Nd7 16. f4 Qf8 17. e5 Rae8 18. Bd5 Bxd5 19. Nxd5 Rc8 20. exd6 Qxd6 21. Nf6+
Nxf6 22. Qxd6 Rxd6 23. Rxd6 Ne4 24. Rd7 Nxg3 25. Rxb7 a5 26. Rd1 Re8 27. Kf2 Nf5
28. Bxc5 h5 29. c3 Re4 30. Rd8+ Kh7 31. Rxf7 Rxf4+ 32. Ke1 Re4+ 33. Kd2 Kh6 34.
Rdd7 Be5 35. Bf2 Kg5 36. Kd3 Ra4 37. Rd5 Bf4 38. a3 Bc1 39. Kc2 Rf4 40. Bg3 Rf3
41. Bc7 Be3 42. Kb3 Kh4 43. Rf6 Kxh3 44. Rxg6 h4 45. Rd3 Rf2 46. Bb6 Rf3 47. Re6
Kg2 48. Bxe3 h3 49. Rd2+ Kf1 50. Bb6 1-0

[Event "Chess24 Banter QualH 2020"]
[Site "chess24.com INT"]
[Date "2020.09.17"]
[Round "1.4"]
[White "Shevchenko, Kirill"]
[Black "Howell, David W L"]
[Result "1/2-1/2"]
[WhiteTitle "GM"]
[BlackTitle "GM"]
[WhiteElo "2592"]
[BlackElo "2663"]
[WhiteFideId "14129574"]
[BlackFideId "410608"]
[EventDate "2020.09.17"]

1. e4 e5 2. Nf3 Nc6 3. Bb5 Nf6 4. O-O Nxe4 5. d4 Nd6 6. Bxc6 dxc6 7. dxe5 Nf5 8.
Qxd8+ Kxd8 9. Nc3 Bd7 10. h3 b6 11. b3 Kc8 12. Bb2 h5 13. Rad1 Be7 14. Ne4 a5
15. Neg5 Be8 16. a4 Kb7 17. Rfe1 h4 18. e6 f6 19. Nf7 Bxf7 20. exf7 Bd6 21. Nd4
Nxd4 22. Rxd4 Raf8 23. Rxd6 cxd6 24. Re7+ Kc8 25. Ba3 Rd8 26. Ra7 Kb8 27. Re7
Rhf8 28. f4 Kc8 29. Kf2 c5 30. Kf3 Rd7 31. Re8+ Rd8 32. Re7 Rd7 33. Re8+ Rd8 34.
Re7 1/2-1/2

[Event "Chess24 Banter QualH 2020"]
[Site "chess24.com INT"]
[Date "2020.09.17"]
[Round "1.5"]
[White "Howell, David W L"]
[Black "Shevchenko, Kirill"]
[Result "1/2-1/2"]
[WhiteTitle "GM"]
[BlackTitle "GM"]
[WhiteElo "2663"]
[BlackElo "2592"]
[WhiteFideId "410608"]
[BlackFideId "14129574"]
[EventDate "2020.09.17"]

1. e4 e5 2. Bc4 Nf6 3. d3 Be7 4. Nf3 d6 5. O-O O-O 6. Re1 Be6 7. Bxe6 fxe6 8.
Nbd2 c5 9. Nf1 Nc6 10. Ng3 b5 11. c3 Rb8 12. h3 Kh8 13. d4 exd4 14. cxd4 c4 15.
d5 exd5 16. exd5 Nb4 17. Nd4 Qd7 18. Ne6 Rf7 19. Ng5 Rff8 20. Ne6 Rf7 21. Ng5
Rff8 22. Ne6 1/2-1/2

[Event "Chess24 Banter QualH 2020"]
[Site "chess24.com INT"]
[Date "2020.09.17"]
[Round "1.6"]
[White "Shevchenko, Kirill"]
[Black "Howell, David W L"]
[Result "1-0"]
[WhiteTitle "GM"]
[BlackTitle "GM"]
[WhiteElo "2592"]
[BlackElo "2663"]
[WhiteFideId "14129574"]
[BlackFideId "410608"]
[EventDate "2020.09.17"]

1. e4 e5 2. Nf3 Nc6 3. Bb5 Nf6 4. O-O Nxe4 5. d4 Nd6 6. Ba4 e4 7. Ne5 Be7 8. Nc3
O-O 9. Re1 Nf5 10. Rxe4 Nxe5 11. dxe5 d6 12. Bf4 Be6 13. Nd5 dxe5 14. Nxe7+ Qxe7
15. Bxe5 Rad8 16. Qe1 Qc5 17. Qb4 Qd5 18. Bb3 Qc6 19. Ba4 Qd5 20. Bxc7 Rc8 21.
Bf4 a5 22. Qe1 Qc5 23. c3 Rfd8 24. Rd1 Rxd1 25. Qxd1 h6 26. h3 Bxa2 27. Re5 Qb6
28. Rxf5 Qxb2 29. Be5 Be6 30. Rf4 b5 31. Bc2 a4 32. Rb4 Qa2 33. Qd3 g6 34. Rd4
Kh7 35. Rd8 Qa1+ 36. Kh2 Qe1 37. Bg3 Rxd8 38. Qxd8 Qxc3 39. Be4 a3 40. Qb8 Qc8
41. Qxc8 Bxc8 42. Be5 b4 43. Bd6 a2 44. Be5 Be6 45. Kg3 b3 46. Kf4 Kg8 47. Ke3
Kf8 48. Bf6 Ke8 49. Bc6+ Kf8 50. Kd2 Kg8 51. h4 g5 52. h5 Bg4 53. Bd5 Bxh5 54.
Bxb3 Kh7 55. Bxa2 Kg6 56. Bd8 Kg7 57. Ke3 Bg6 58. Kd4 f6 59. Be6 h5 60. Bd5 h4
61. Be4 Bf7 62. Bf5 Be8 63. Kd5 Bf7+ 64. Kd6 Bc4 65. g3 hxg3 66. fxg3 Bf7 67.
Ke7 Bg6 68. g4 Bxf5 69. gxf5 g4 70. Ke6 g3 71. Bxf6+ 1-0

[Event "Chess24 Banter QualH 2020"]
[Site "chess24.com INT"]
[Date "2020.09.17"]
[Round "1.7"]
[White "Howell, David W L"]
[Black "Shevchenko, Kirill"]
[Result "1-0"]
[WhiteTitle "GM"]
[BlackTitle "GM"]
[WhiteElo "2663"]
[BlackElo "2592"]
[WhiteFideId "410608"]
[BlackFideId "14129574"]
[EventDate "2020.09.17"]

1. Nf3 Nf6 2. g3 g6 3. Bg2 Bg7 4. O-O O-O 5. d4 d6 6. c4 Nc6 7. Nc3 Bf5 8. b3 a5
9. a3 e5 10. d5 Ne7 11. Ne1 c6 12. e4 Bg4 13. f3 Bd7 14. Be3 cxd5 15. cxd5 b5
16. Nd3 Qb8 17. Qd2 Rc8 18. Rfc1 h5 19. Bf1 Qb7 20. Ra2 Kh7 21. Rac2 h4 22. g4
Rab8 23. Qe1 b4 24. axb4 axb4 25. Nd1 Kg8 26. Qxh4 Bb5 27. Qe1 Nd7 28. N1f2 Ba6
29. Rxc8+ Nxc8 30. Qd2 f5 31. exf5 gxf5 32. gxf5 Ne7 33. Bg5 Nxf5 34. Ne4 Rf8
35. Qxb4 Qxd5 36. Ne1 Nd4 37. Bxa6 Ne6 38. Bc4 Qd4+ 39. Kg2 d5 40. Nc2 Qb2 41.
Bxd5 Kh8 42. Bxe6 1-0

[Event "Chess24 Banter QualH 2020"]
[Site "chess24.com INT"]
[Date "2020.09.17"]
[Round "1.8"]
[White "Shevchenko, Kirill"]
[Black "Howell, David W L"]
[Result "0-1"]
[WhiteTitle "GM"]
[BlackTitle "GM"]
[WhiteElo "2592"]
[BlackElo "2663"]
[WhiteFideId "14129574"]
[BlackFideId "410608"]
[EventDate "2020.09.17"]

1. e4 c6 2. d4 d5 3. e5 Bf5 4. h4 h5 5. Bg5 Qb6 6. Bd3 Qxd4 7. Nf3 Qg4 8. Bxf5
Qxf5 9. O-O e6 10. c4 Nd7 11. Nc3 Be7 12. cxd5 exd5 13. Re1 Nc5 14. Ne2 Bxg5 15.
Ned4 Qd3 16. Nxg5 Qxd1 17. Raxd1 Ne7 18. b4 Na4 19. e6 f6 20. Nf7 O-O 21. Nd6 g6
22. Nxb7 Nb2 23. Rb1 Nc4 24. Nc5 Kg7 25. b5 cxb5 26. Rxb5 Nd6 27. Rb3 Rfc8 28.
Nd7 Rc4 29. Rd1 Rac8 30. Ra3 R8c7 31. Rf3 Rc1 32. Rxc1 Rxc1+ 33. Kh2 Ne4 34. Rb3
Nxf2 35. Rb7 Ng4+ 36. Kh3 Rc3+ 37. Nf3 Rc1 38. Nb8 Kf8 39. Nd7+ Kg7 40. g3 Rc2
41. Nb8 Kf8 42. Nd7+ Kg7 43. Nc5 Kf8 44. Nd3 Nf5 45. Rxa7 Rc3 46. Nf4 Rxf3 47.
Nxg6+ Kg8 48. Ne7+ Nxe7 49. Rxe7 Rf2 0-1